00511nam a22001817a 450000500170000000800410001702000180005804000210007604100080009708200170010510000260012224500700014825000120021826000330023030000100026365000310027370000250030420230120113901.0220528b ||||| |||| 00| 0 eng d a9789385439674 aIN-DiNCcIN-DiNC dasm a320.954bGOH aGohain, Nabineauthor aBharatborshot rajnoitik prokriyacby Nabin Gohain and Pankaj Bora a2nd ed. aJorhat:bBidyabhaban,c2021. a356p. aPolitical process in india aPankaj Boraheauthor